My Little Pony - A True, True Friend - Lyrics Quiz - Statistics

General Stats
  • This quiz has been taken 108 times
  • The average score is 367 of 445
Answer Stats
Character Lyrics % Correct
All (singing) | Twilight Sparkle (Singing) | Twilight Sparkle and Fluttershy (singing) | +2 others A
100%
a
100%
friend
100%
Friend
100%
friend!
100%
Rarity (talking) [gasp]
100%
I
100%
true,
100%
true
100%
help!
99%
help
99%
help.
99%
helps
99%
in
99%
need
99%
the
96%
Applejack (singing) | Twilight Sparkle (talking) The
96%
see
95%
you
95%
You
95%
to
93%
To
93%
(To
93%
light
91%
light!
91%
light!)
91%
needs
89%
that
89%
That
89%
(That
89%
Twilight Sparkle (singing) Rarity
88%
Twilight Sparkle (talking) Rarity,
88%
be
87%
can
87%
Twilight Sparkle (talking) It
87%
it
87%
it.
87%
it!
87%
she
87%
shines
87%
shines!
87%
shines!)
87%
try,
87%
try
87%
your
87%
do
85%
from
85%
From
85%
there
85%
will
85%
apple
83%
them
83%
what
83%
give
81%
She's
81%
trying
81%
doing
80%
just
79%
Pinkie
79%
Crowd (talking) PINKIE!
79%
Rainbow Dash (singing) Applejack
77%
no
77%
we
77%
We
77%
we?
77%
chance?
76%
hard,
76%
can't
75%
happen,
75%
I'm
73%
is
73%
Pie
73%
start
73%
understand
73%
Now
72%
now
72%
so
72%
find
71%
trouble
69%
her
68%
happened?
67%
might
67%
Oh
67%
on
67%
back
65%
back.
65%
farm.
65%
farm?
65%
you'll
65%
smile
64%
SMILE!
64%
by
63%
get
63%
let
63%
make
63%
side
63%
Fluttershy (singing) Would
63%
dresses!
61%
lose
61%
And
60%
and
60%
dream
60%
For
60%
for
60%
maybe
60%
more!
59%
more
59%
Or,
59%
still
59%
Applejack's
57%
guide
57%
Oh,
57%
that's
57%
time
57%
Well
57%
hello?
56%
like
56%
together
56%
trapped
56%
worked!
56%
had.
55%
having
55%
here
55%
about
53%
explain,
53%
inside,
53%
terrible
53%
They
53%
Rainbow Dash (talking) Uh,
53%
happy
52%
old
52%
you're
52%
Canterlot
51%
normal!
51%
remember?
51%
sad
51%
Twilight Sparkle (talking) There's
51%
while
51%
Pinkie Pie (talking) Come
49%
if
49%
If
49%
been
48%
Rainbow Dash (talking) Say
48%
seem
48%
townspeople
48%
Rainbow Dash (talking) Um,
48%
cheer
47%
my,
47%
never
47%
They've
47%
are
45%
some
45%
spread
44%
thing.
44%
appreciate
43%
next?
43%
wanna
43%
around,
41%
know
41%
What's
41%
face
40%
lot
40%
up
40%
march
39%
ponies,
39%
Applejack (talking) Yee-haw!
39%
but
37%
furious.
37%
helpin'
33%
We'd
33%
feel
32%
a-frown
27%
you'd
23%
Rarity (talking) Losing
17%
No matching quizzes found
Score Distribution
Percent of People with Each Score
Percentile by Number Answered
Your Score History
You have not taken this quiz